Daňové aspekty podnikania slovenských spoločností v Európskej únii bakalárska práca
Guardado en:
| Autor principal: | |
|---|---|
| Autor Corporativo: | |
| Otros Autores: | |
| Formato: | Libro |
| Lenguaje: | eslovaco |
| Publicado: |
Košice
2009
|
| Etiquetas: |
Sin Etiquetas, Sea el primero en etiquetar este registro!
|
MARC
| LEADER | 00000nam$a2200000$$$4500 | ||
|---|---|---|---|
| 001 | 0105945 | ||
| 005 | 20240320074917.6 | ||
| 041 | 0 | |a slo | |
| 044 | |a SK | ||
| 245 | 1 | 0 | |a Daňové aspekty podnikania slovenských spoločností v Európskej únii |b bakalárska práca |c Peter Garan ; škol. Viera Zoričáková |
| 264 | 1 | |a Košice |c 2009 | |
| 300 | |a 46 s. | ||
| 100 | 1 | |a Garan, Peter | |
| 700 | 1 | |a Zoričáková, Viera, 1960- | |
| 710 | 2 | |a Podnikovohospodárska fakulta EU so sídlom v Košiciach. Katedra účtovníctva a financií | |